Normal view
MARC view
- اعداد الوادي، احمد صلاح
Entry Personal Name
001 - CONTROL NUMBER
- control field: 36728
003 - CONTROL NUMBER IDENTIFIER
- control field: JO-AjAnu
005 - DATE AND TIME OF LATEST TRANSACTION
- control field: 20230606080129.0
008 - FIXED-LENGTH DATA ELEMENTS
- fixed length control field: 230606|| aca||aabn | a|a d
040 ## - CATALOGING SOURCE
- Original cataloging agency: JO-AjAnu
- Transcribing agency: JO-AjAnu
100 ## - HEADING--PERSONAL NAME
- Personal name: اعداد الوادي، احمد صلاح
670 ## - SOURCE DATA FOUND
- Source citation: Work cat.: (JO-AjAnu)18853: اعداد الوادي، احمد صلاح , author, معارك وقادة ومشاهير :اسئلة واجوبة، ج 4